Vocabulary - Economics - Statistiques

Statistiques générales
  • Ce quiz a été pris 11 fois
  • Le résultat moyen est 13 sur 54
Statistiques - réponses
Français Anglais % Correct
Banque centrale Central Bank
78%
Entreprise / Société Business / Company / Firm / Enterprise
56%
Économique (!) Economical
56%
Récession économique / Croissance économique Economic Downturn / Growth
56%
Consommer / Consommateur / Consommation Consume / Consumer / Consumption
44%
Déflation Deflation
44%
Biens Goods
44%
Inflation Inflation
44%
Investir / Investissement Invest / Investment
44%
Nationaliser Nationalize
44%
Contraintes budgétaires / Déficit Budget Constraint / Deficit
33%
Monnaie Currency
33%
Mondialisation Globalization
33%
Main-d'œuvre / Marché du travail Labor Force / Market
33%
Prêt / Prêter Loan / Lend
33%
Politique monétaire Monetary Policy
33%
Privatiser Privatize
33%
Production / Produire / Produit Production / Produce / Product
33%
Profit / Perte Profit / Loss
33%
Récession Recession
33%
Balance commerciale / Déficit / Excédent Trade Balance / Deficit / Surplus
33%
Délocaliser Delocalize
22%
Économie de marché libre Free Market Economics
22%
Revenu / Salaire / Rémunération (hebdomadaire) Income / Salary / Wage
22%
Taux d'intérêt Interest Rate
22%
Économie de marché Market Economy
22%
Sociétés multinationales Multinational Corporations
22%
Rare Scarce
22%
Stagnation Stagnation
22%
Chômage / Chômeur/Au chômage Unemployment / the unemployed /unemployed
22%
Croissance / Récession Boom / Bust
11%
Cycles économiques Business Cycles
11%
Revenu disponible Disposable Income
11%
Économies d'échelle Economies of Scale
11%
Entrepreneuriat Entrepreneurship
11%
Marchés financiers Financial Markets
11%
Politique fiscale Fiscal Policy
11%
Dépenses publiques Government Spending
11%
Subvention Grant
11%
Produit Intérieur Brut (PIB) Gross Domestic Product (GDP)
11%
Impôt sur le revenu Income Tax
11%
Économie libérale Laissez-faire Economics
11%
Coût d'opportunité Opportunity Cost
11%
Externaliser / Sous-traitance Outsource / Outsourcing
11%
Économiser / Économies Save / Savings
11%
Pénurie Shortage
11%
Dépenser / Dépenses Spend / Spending
11%
Chômage structurel Structural Unemployment
11%
Subvention / Subventionner Subsidy / Subsidize
11%
Offre et demande Supply and Demand
11%
Tarif douanier Tariff
11%
Fiscalité Taxation
11%
Répartition des richesses Wealth Distribution
11%
Économie du bien-être Welfare Economics
11%
Aucun quiz correspondant
Distribution des résultats
% des personnes avec chaque résultat
Percentile par nombre de réponses
Votre historique - résultats
Vous n’avez pas pris ce quiz